9th Edition primary mathematics teaching theory& practice (Record no. 3781)

MARC details
000 -LEADER
fixed length control field 00415nam a22001457a 4500
008 - FIXED-LENGTH DATA ELEMENTS--GENERAL INFORMATION
fixed length control field 250604b |||||||| |||| 00| 0 eng d
020 ## - INTERNATIONAL STANDARD BOOK NUMBER
ISBN 9781529726916
100 ## - MAIN ENTRY--AUTHOR
Author Mooncy claire
245 ## - TITLE STATEMENT
Title 9th Edition primary mathematics teaching theory& practice
260 ## - PUBLICATION, DISTRIBUTION, ETC. (IMPRINT)
Place of publication London
Name of publisher Learning matters
Date of publication 2021
300 ## - COLLATION
Pagination 224p
650 ## - TRACINGS
Main Subject Education primary
Subdivision (1st) Education elementary
942 ## - ADDED ENTRY ELEMENTS (KOHA)
Item type Books
050 ## - LIBRARY OF CONGRESS CALL NUMBER
Classification number LB 1507
Item number .M66
Holdings
Source of classification or shelving scheme Not for loan Permanent location Current location Date acquired Accession No. Full call number Barcode. Koha item type
Library of Congress Classification   Samuel Ogbemudia Main Library, University of Abuja Samuel Ogbemudia Main Library, University of Abuja 06/04/2025 2022/60155 LB 1507.M66 2025-2367 Books